000 00517nam a2200193 a 4500
001 23783
005 20180713221910.0
008 140415d 000 0 eng d
020 _a0138404224
041 _aeng
082 _a639.9
_bBOL
100 1 _aBOLEN, ERIC G.
245 1 0 _aWILDLIFE ECOLOGY AND MANAGEMENT
250 _a1a ed.
260 _a[s.l.] :
_bPRENTICE HALL,
_c[s.f.]
300 _a605
650 1 4 _aECOLOGIA
_xZOOLOGIA
_xADMINISTRACION
700 1 _aROBINSON, WILLIAM L.
_ecoaut.
999 _c23783
_d23783